Christian Denominations - Statistics

General Stats
  • This quiz has been taken 74 times
  • The average score is 7 of 13
Answer Stats
Hint Population Answer % Correct
The Denomination in Russia, Ukraine, Georgia, Ethiopia, Greece and Moldova 300,000,000 Orthodoxy
99%
The first denomination 1,422,000,000 Catholicism
97%
A common denomination in the South of the US 100,000,000 Baptists
92%
Follows Luther 81,000,000 Lutheranism
86%
A denomination also known as the Church of England 85,000,000 Anglicanism
83%
Largest group is the United _________ Church 80,000,000 Methodists
62%
Worships on Saturday 24,000,000 Adventists
44%
A denomination that is common in the US and Korea 75,000,000 Presbyterianism
34%
Group including Amish, Mennonites, and more. 2,000,000 Anabaptists
31%
A smaller denomination, also the state religion of Armenia. Similar to orthodoxy. Established by the apostles Thaddeus and Bartholomew. 25,000,000 Apostolicism
20%
A Charismatic denomination 279,000,000 Pentecostalism
15%
Has churches in 165 countries. Believes that you can be cleansed of all sin. Believes in free will, meaning that you can choose to leave salvation. 2,700,000 Church of the Nazarene
4%
Large Populations in North Carolina and Pennsylvania 1,000,000 Moravians
3%
No matching quizzes found
Score Distribution
Percent of People with Each Score
Percentile by Number Answered
Your Score History
You have not taken this quiz